Т. 6, № 4; Геофизический журнал

Библиографические подробности
Источник:Геофизический журнал: научно-теоретический журнал/ Академия наук Украинской ССР (АН УССР). Т. 6, № 4.— , 1980-1996, 2009-2011, 2013-.— 0203-3100
Язык:русский
Опубликовано: 1984
Формат: Книга
Запись в KOHA:https://koha.lib.tpu.ru/cgi-bin/koha/opac-detail.pl?biblionumber=532128

MARC

LEADER 00000nam2a2200000 4500
001 532128
005 20231101112834.0
035 |a (RuTPU)RU\TPU\prd\218684 
035 |a RU\TPU\prd\218682 
090 |a 532128 
100 |a 20140422a19849999k y0rusy50 ca 
101 0 |a rus 
102 |a UA 
200 0 |a Т. 6, № 4 
210 |d 1984 
461 1 |0 (RuTPU)RU\TPU\prd\134  |x 0203-3100  |t Геофизический журнал  |o научно-теоретический журнал  |f Академия наук Украинской ССР (АН УССР)  |v Т. 6, № 4  |d 1980-1996, 2009-2011, 2013- 
801 0 |a RU  |b 63413507  |c 20010227  |g PSBO 
801 1 |a RU  |b 63413507  |c 20140422 
801 2 |a RU  |b 63413507  |c 20140422  |g RCR 
942 |c BK 
999 |a НТБ_ТПУ  |b НФ  |e -4/20140109  |p П-9076  |u 0,00  |v 1